LDR 00990naa#a2200181#i#450# 001 RU\INFRA-M\bibl\126049 005 20260703153334.5 011 ## _a2587-9111 100 ## _a20260617b2026####ek#y0rusy0150####ca 102 ## _aRU 200 1# _aАнализ факторов и угроз, сопутствующих развитию цифровой трансформации в банковской сфере _eЖурнальная статья 210 1# _aМосква _cОбщество с ограниченной ответственностью «Научно-издательский центр ИНФРА-М» _d2026 215 ## _a5 с. 608 ## _aЖурнальная статья _2local 675 ## _aЭкономическая наука в целом. Проблематика экономической науки. Предмет и метод политической экономии. 330.101 _z 700 #1 _aШишкин _gА. Н. 700 #1 _aМельчикови _gЗ. Л. 856 4# _azh-szf.ru _u